书目信息 |
| 题名: |
常微分方程学习指导书
|
|
| 作者: | 王克 , 潘家齐 编 | |
| 分册: | ||
| 出版信息: | 北京 高等教育出版社 2007 |
|
| 页数: | 238页 | |
| 开本: | 21cm | |
| 丛书名: | 数学类专业学习辅导丛书 | |
| 单 册: | ||
| 中图分类: | O175.1 | |
| 科图分类: | ||
| 主题词: | 常微分方程--高等学校--教学参考资料 | |
| 电子资源: | ||
| ISBN: | 978-7-04-020191-8 | |
| 000 | 00920oam2 2200265 450 | |
| 001 | 012015000390 | |
| 005 | 20150914153613.25 | |
| 010 | @a978-7-04-020191-8@dCNY15.10 | |
| 100 | @a20111117d2007 em y0chiy0110 ea | |
| 101 | 0 | @achi |
| 102 | @aCN@b110000 | |
| 105 | @ay z 000yy | |
| 106 | @ar | |
| 200 | 1 | @a常微分方程学习指导书@Achang wei fen fang cheng xue xi zhi dao shu@f王克,潘家齐编 |
| 210 | @a北京@c高等教育出版社@d2007 | |
| 215 | @a238页@d21cm | |
| 225 | 2 | @a数学类专业学习辅导丛书 |
| 330 | @a本书内容包括主教材各章内容的分析总结,解题的思路和技巧,以及主教材的习题详解。内容涉及初等积分法、基本定理、一阶线性微分方程组、定性与稳定性理论简介等。 | |
| 461 | 0 | @12001 @a数学类专业学习辅导丛书 |
| 606 | 0 | @a常微分方程@x高等学校@j教学参考资料 |
| 690 | @aO175.1@v5 | |
| 701 | 0 | @a王克@Awang ke@4编 |
| 701 | 0 | @a潘家齐@Apan jia qi@4编 |
| 801 | 0 | @aCN@b碧洲教育@c20150716 |
| 905 | @a10447@f4@dO175.1@e134 | |
| 常微分方程学习指导书/王克,潘家齐编.-北京:高等教育出版社,2007 |
| 238页;21cm.-(数学类专业学习辅导丛书) |
| ISBN 978-7-04-020191-8:CNY15.10 |
| 本书内容包括主教材各章内容的分析总结,解题的思路和技巧,以及主教材的习题详解。内容涉及初等积分法、基本定理、一阶线性微分方程组、定性与稳定性理论简介等。 |
| ● |
| 相关链接 |
|
|
|
|
正题名:常微分方程学习指导书
索取号:O175.1/134
 
预约/预借
| 序号 | 登录号 | 条形码 | 馆藏地/架位号 | 状态 | 备注 |
| 1 | 0849484 | 208494841 | 第二样本阅览室/ [索取号:O175.1/134] | 在馆 | |
| 2 | 0849485 | 208494850 | 第三借阅区/ [索取号:O175.1/134] | 在馆 | |
| 3 | 0849486 | 208494869 | 第三借阅区/ [索取号:O175.1/134] | 在馆 | |
| 4 | 0849487 | 208494878 | 密集书库-数信学院/ [索取号:O175.1/134] | 在馆 |